Building the Inclusive City (Record no. 32201)
[ view plain ]
| 000 -LEADER | |
|---|---|
| fixed length control field | 00862nam a2200121Ia 4500 |
| 008 - FIXED-LENGTH DATA ELEMENTS--GENERAL INFORMATION | |
| fixed length control field | 220620s9999||||xx |||||||||||||| ||und|| |
| 100 ## - MAIN ENTRY--PERSONAL NAME | |
| Personal name | Pineda, Victor Santiago |
| 245 #0 - TITLE STATEMENT | |
| Title | Building the Inclusive City |
| Remainder of title | Governance, Access, and the Urban Transformation of Dubai |
| 546 ## - LANGUAGE NOTE | |
| Language note | English[eng] |
| 650 ## - SUBJECT ADDED ENTRY--TOPICAL TERM | |
| Topical term or geographic name entry element | Urban Studies/Sociology||Disability Studies||Public Policy||Social Justice, Equality and Human Rights||Middle Eastern Culture||Urban Sociology||Biotechnology||Human Rights||Urban Studies||Urban Affairs||Urban Planning||Urban Governance||Middle East||Dubai||City States||Urbanization||Public Administration||Sociology||Development Studies||Gulf Studies||Urban communities||Public administration||Politics & government||Cultural studies |
| 856 ## - ELECTRONIC LOCATION AND ACCESS | |
| Uniform Resource Identifier | <a href="https://library.oapen.org/bitstream/20.500.12657/41752/1/2020_Book_BuildingTheInclusiveCity.pdf">https://library.oapen.org/bitstream/20.500.12657/41752/1/2020_Book_BuildingTheInclusiveCity.pdf</a> |
| 942 ## - ADDED ENTRY ELEMENTS (KOHA) | |
| Koha item type | E-Books |
| Withdrawn status | Lost status | Damaged status | Not for loan | Home library | Current library | Date acquired | Total Checkouts | Date last seen | Price effective from | Koha item type |
|---|---|---|---|---|---|---|---|---|---|---|
| Kerala University of Digital Sciences, Innovation and Technology Knowledge Centre | Kerala University of Digital Sciences, Innovation and Technology Knowledge Centre | 20/06/2022 | 20/06/2022 | 20/06/2022 | E-Books |